Länder die auf -an enden - Statistiken

Allgemein
  • Dieses Quiz wurde 555 mal gespielt
    481 seit der letzten Aktualisierung
  • Das Durchschnittsergebnis liegt bei 10 aus 15
Antwortstatistiken
Land % Korrekt
Afghanistan
88%
Pakistan
85%
Tadschikistan
85%
Turkmenistan
85%
Kasachstan
84%
Kirgistan
84%
Usbekistan
82%
Aserbaidschan
64%
Iran
63%
Japan
63%
Oman
57%
Bhutan
49%
Sudan
48%
Südsudan
45%
Taiwan
42%
Keine übereinstimmenden Quizze gefunden
Verteilung der Resultate
Anzahl Personen mit jedem Resultat
Perzentil nach korrekt beantworteten Fragen
Ihre Resultats-Entwicklung
Sie haben dieses Quiz seit der letzten Aktualisierung nicht gespielt